000 01033cab a2200253 4500
001 ABS46403
008 090401t1992 xxu||||| |||| 00| 0 eng d
035 _a(Sirsi) u58069
041 _aeng
245 _aRelocation & inward investment
260 _c1992
350 _a0
490 _aInvestors Chronicle
_v100(1272) 22 May 1992 (24)
520 _aA supplement on various aspects of business relocation: the effects of urban regeneration as a magnet for moving; the attraction of business parks as an ideal location; the negative consequences of an inadequate transport network and a survey of the flights from London over the past 10 years. The role and performance of inward investment in recession generates comment too.
650 _aEMPLOYMENT CREATION
650 _aFOREIGN INVESTMENT
650 _aINVEST IN BRITAIN BUREAU
650 _aINWARD INVESTMENT
650 _aRELOCATION
690 _aECONOMIC AND SOCIAL
690 _aPROPERTY-PROPERTY FINANCE AND INVESTMENT
942 _n0
948 _c04/03/1997
999 _c35425
_d35425